|
|
|
|
| LEADER |
01898nam a22003612a 4500 |
| 001 |
000040179 |
| 003 |
CZ BrMZK |
| 005 |
20110831211426.0 |
| 007 |
ta |
| 008 |
951201s1988 xr af f cze d |
| 040 |
|
|
|a BOA001
|b cze
|
| 080 |
9 |
|
|a 523.31
|
| 100 |
1 |
|
|a Brázdil, Rudolf,
|d 1951-
|7 jn19981000344
|4 aut
|
| 245 |
1 |
0 |
|a Úvod do studia planety Země :
|b celostátní vysokoškolská učebnice pro studenty přírodovědeckých fakult /
|c Rudolf Brázdil a kol.
|
| 250 |
|
|
|a 1. vyd.
|
| 260 |
|
|
|a Praha :
|b Státní pedagogické nakladatelství,
|c 1988
|
| 300 |
|
|
|a 365 s., 15 barev. obr. příl.
|
| 490 |
1 |
|
|a Učebnice pro vysoké školy
|
| 830 |
|
0 |
|a Učebnice pro vysoké školy (Státní pedagogické nakladatelství)
|0 s
|
| 856 |
4 |
1 |
|u http://www.digitalniknihovna.cz/mzk/uuid/uuid:fa2117d0-8673-11e2-aa2b-005056827e51
|y Digitalizovan dokument
|x NDK
|
| 910 |
|
|
|a BOA001
|b PK-0108.310
|b 2-0930.765
|b TK-0237.918
|
| 920 |
|
|
|a 000109723
|
| 920 |
|
|
|a 000219205
|
| 964 |
|
|
|a Země-planeta - učebnice - školy vysoké
|
| 990 |
|
|
|a BK
|
| 996 |
6 |
|
|b 2619936530
|c 2-0930.765
|l MZK
|r STM 6p
|n 27
|h 52 ÚVO
|w 000040179
|u 000050
|a 0
|e BOA001
|j MZK50
|s P
|
| 996 |
7 |
|
|b 2619951239
|c 2-0930.765
|l MZK
|r Sklad / do 1 hodiny
|n 84
|w 000040179
|u 000070
|a 1
|e BOA001
|j MZK50
|s A
|
| 996 |
7 |
|
|b 2619991676
|c 2-0930.765
|l MZK
|r Sklad / do 1 hodiny
|n 72
|w 000040179
|u 000080
|a 1
|e BOA001
|j MZK50
|s A
|
| 996 |
6 |
|
|b 2619994094
|c 2-0930.765
|l MZK
|r Sklad / do 1 hodiny
|n 47
|w 000040179
|u 000040
|a 1
|e BOA001
|j MZK50
|s P
|
| 996 |
7 |
|
|b 2629995546
|c TK-0237.918
|l MZK
|r Sklad / do 24 hodin
|n 71
|w 000040179
|u 000110
|a 1
|e BOA001
|j MZK50
|s A
|
| 996 |
7 |
|
|b 3119966940
|c PK-0108.310
|l MZK
|r Sklad / do 1 hodiny
|n 77
|w 000040179
|u 000020
|a 1
|e BOA001
|j MZK50
|s A
|
| 996 |
7 |
|
|b 3119966941
|c PK-0108.310
|l MZK
|r Sklad / do 1 hodiny
|n 70
|w 000040179
|u 000030
|a 1
|e BOA001
|j MZK50
|s A
|
| 996 |
7 |
|
|b 3119990170
|c PK-0108.310
|l MZK
|r Sklad / do 1 hodiny
|n 94
|w 000040179
|u 000010
|a 1
|e BOA001
|j MZK50
|s A
|